000 00666nam a2200253Ia 4500
003 OSt
005 20220926003145.0
006 a|||||r|||| 00| 0
007 ta
008 220923b |||||||| |||| 00| 0 eng d
020 _a13:9780195667141
037 _cGeneral Book
040 _aRTL
_cRTL
_beng
041 _2eng
_aeng
082 _aY9(V2), P5
100 _aSharma R S
245 0 _aIndia' s ancient past
260 _a New Delhi
_bOxford University Press
_c2005
300 _axi, 387p
_ccm.
500 _aBibliography P 320-362
650 _aSociology
942 _hY9(V2), P5
_cGB
_2CC
999 _c607133
_d607133